Relationships between moral reasoning levels and selected environmental variables among teachers in Nigeria /

Bibliographic Details
Main Author: Noibi, Abayomi S.
Format: Thesis Microform Book
Language:English
Published: [Place of publication not identified] : [publisher not identified] ; 1981.
Subjects:

MARC

Tag First Indicator Second Indicator Subfields
LEADER 00000cam a2200000 a 4500
001 in00000007287
005 20151005060026.0
007 hd afb|||||||
008 880226r19821981miua ab 00010 eng d
035 |a (OCoLC)17542658 
035 |9 AAA1771AM 
040 |a TXA  |c TXA  |d UtOrBLW 
043 |a f-nr--- 
049 |a TXAI 
099 |a film  |a B  |a 3393 
100 1 |a Noibi, Abayomi S. 
245 1 0 |a Relationships between moral reasoning levels and selected environmental variables among teachers in Nigeria /  |c by Abayomi S. Noibi. 
264 1 |a [Place of publication not identified] :  |b [publisher not identified] ;  |c 1981. 
300 |a x, 176 leaves :  |b illustrations 
336 |a text  |b txt  |2 rdacontent 
337 |a microform  |b h  |2 rdamedia 
338 |a microfilm reel  |b hd  |2 rdacarrier 
502 |b Ph. D.  |c University of Iowa  |d 1981. 
504 |a Bibliography: leaves 101-110. 
533 |a Microfilm.  |b Ann Arbor, Mich. :  |c University Microfilms International,  |d 1982.  |e 1 microfilm reel ; 35 mm. 
500 |a Microform. 
650 0 |a Environmental education  |z Nigeria. 
650 0 |a Teachers  |z Nigeria. 
999 |a MARS 
999 f f |s b3a251c4-ae26-3eb7-b343-193bb1fa9ec1  |i a35c7341-5ba1-31ab-a926-eab21fb64fd9  |t 0 
952 f f |p default  |a Texas A&M University  |b College Station  |c Sterling C. Evans Library  |d Evans: Microforms (3rd floor)  |t 0  |e film B 3393  |h Other scheme  |i microform -- microfilm reel 
998 f f |a film B 3393  |t 0  |l Evans: Microforms (3rd floor)